| 000 -CABECERA |
| Longitud fija campo de control |
00960nam a22002177a 4500 |
| 003 - IDENTIFICADOR DEL NÚMERO DE CONTROL |
| Identificador del número de control |
OSt |
| 005 - FECHA Y HORA DE LA ÚLTIMA TRANSACCIÓN |
| Fecha y hora de la última transacción |
20151026133603.0 |
| 008 - CÓDIGOS DE INFORMACIÓN DE LONGITUD FIJA |
| Códigos de información de longitud fija |
130716s2012 sp ||||| |||| 00| 0 spa d |
| 040 ## - FUENTE DE LA CATALOGACIÓN |
| Centro transcriptor |
CDMR |
| 100 1# - PUNTO DE ACCESO PRINCIPAL-NOMBRE DE PERSONA |
| 9 (RLIN) |
3964 |
| Nombre de persona |
Cervera Barriga, Esther |
| 245 10 - MENCIÓN DE TÍTULO |
| Título |
CNN+ |
| Resto del título |
: análisis, estructura, desarrollo y conclusión del primer canal privado de noticas en España |
| Mención de responsabilidad, etc. |
Esther Cervera Barriga ; María Jesús Casals Carro (directora) |
| Medio |
[recurs electrònic] |
| 260 ## - PUBLICACIÓN, DISTRIBUCIÓN, ETC. (PIE DE IMPRENTA) |
| Lugar de publicación, distribución, etc. |
Madrid |
| Fecha de publicación, distribución, etc. |
2012 |
| 502 ## - NOTA DE TESIS |
| Nota de tesis |
Tesi defensada el 23 de juliol de 2012 |
| Nombre de la institución que otorga el tí,tulo |
Universidad Complutense de Madrid, Facultad de Ciencias de la Información, Departamento de Periodismo I |
| 610 2# - PUNTO DE ACCESO ADICIONAL DE MATERIA - NOMBRE DE ENTIDAD CORPORATIVA |
| 9 (RLIN) |
3966 |
| Nombre de entidad corporativa o nombre de jurisdicción como elemento inicial |
CNN+ (Emissora de televisió) |
| 650 04 - PUNTO DE ACCESO ADICIONAL DE MATERIA - TÉRMINO DE MATERIA |
| 9 (RLIN) |
1780 |
| Término de materia o nombre geográfico como elemento inicial |
Televisió |
| Subdivisión geográfica |
Espanya |
| 650 04 - PUNTO DE ACCESO ADICIONAL DE MATERIA - TÉRMINO DE MATERIA |
| 9 (RLIN) |
3157 |
| Término de materia o nombre geográfico como elemento inicial |
Televisió |
| Subdivisión de materia general |
Noticiaris |
| 650 04 - PUNTO DE ACCESO ADICIONAL DE MATERIA - TÉRMINO DE MATERIA |
| 9 (RLIN) |
2994 |
| Término de materia o nombre geográfico como elemento inicial |
Tesis i dissertacions acadèmiques |
| 700 1# - PUNTO DE ACCESO ADICIONAL - NOMBRE DE PERSONA |
| 9 (RLIN) |
3965 |
| Nombre de persona |
Casals Carro, María Jesús |
| 856 40 - LOCALIZACIÓN Y ACCESO ELECTRÓNICO |
| Identificador Uniforme del Recurso (URI) |
<a href="http://eprints.ucm.es/17465/">http://eprints.ucm.es/17465/</a> |
| Texto del enlace |
Disponible en línia (UCM) |
| 942 ## - ENTRADA DE ELEMENTOS AGREGADOS (KOHA) |
| Fuente de clasificaión o esquema |
|
| Koha [por defecto] tipo de item |
Tesines en línia |